[Event "Cappelle op 15th"]
[Site "Cappelle la Grande"]
[Date "1999.02.17"]
[Round "6"]
[White "Atalik, Suat"]
[Black "Santo Roman, Marc"]
[Result "1/2-1/2"]
[WhiteElo "2593"]
[BlackElo "2381"]
[Annotator "Atalik,S"]
[PlyCount "81"]
[EventDate "1999.02.13"]
[EventType "swiss"]
[EventRounds "9"]
[EventCountry "FRA"]
[SourceTitle "EXT 2002"]
[Source "ChessBase"]
[SourceDate "2001.11.25"]
[SourceVersion "1"]
[SourceVersionDate "2001.11.25"]
[SourceQuality "1"]

1. d4 f5 2. g3 Nf6 3. Bg2 g6 4. Nc3 Bg7 5. Bg5 O-O (5... c5 6. d5 (6. dxc5 Na6
(6... Qa5 7. Bd2 Qxc5 8. Na4)) 6... Qb6 7. Bd2) 6. Qd2 c6 7. Nh3 (7. Bh6 Bxh6
8. Qxh6 Qb6 9. O-O-O Ng4 10. Qf4 e5 11. dxe5 Qxf2 12. Bf3 Qe3+ 13. Qxe3 Nxe3
14. Rd3 Nc4 15. Nd5 Nxe5 16. Nc7 Nxd3+ 17. exd3 Na6 18. Nxa8 b5 19. Nh3 Re8)
7... d5 8. Bh6 Nbd7 9. Bxg7 Kxg7 10. Nf4 (10. Ng5 Nb6 11. b3 Qd6 12. f4 c5 13.
Nf3 Bd7 (13... Ne4 14. Nxe4 dxe4 15. dxc5 Qxc5 16. Qd4+ Qxd4 17. Nxd4 Nd5 18.
Kd2) 14. Ne5 Rac8 (14... cxd4 15. Qxd4 Rac8 16. Rd1) 15. Rd1 Rc7 16. dxc5 Rxc5
17. b4 (17. Qd4 Rfc8 18. Rd3 Qc7) 17... Rc7 18. Qd4 (18. Nxd5 Nbxd5 19. Bxd5
Nxd5 20. Qxd5 Qxb4+ 21. Kf2) 18... Rfc8 19. Rd3 Ba4) 10... Nb6 11. b3 Qd6 12.
Nd3 Ne4 13. Nxe4 fxe4 (13... dxe4 14. Ne5 Rd8 15. O-O-O Qa3+ 16. Kb1 c5 17. c3)
14. Ne5 Nd7 15. Nxd7 (15. Ng4 Nf6 16. Ne3 (16. Qh6+ Kg8 17. Ne3 Qb4+) 16... Ng4
) (15. Qc3 Nxe5 16. dxe5 Qe6 17. f4 (17. O-O Rf5) 17... exf3 18. exf3) 15...
Bxd7 16. f3 Bf5 (16... exf3 17. exf3 e5 18. O-O-O) 17. fxe4 (17. O-O e5 18.
dxe5 Qxe5) 17... Bxe4 18. Bxe4 dxe4 19. O-O-O Rf5 (19... a5 20. d5 a4 21. Qc3+
Qf6 22. Qxf6+ Rxf6 23. dxc6) 20. g4 Rf2 (20... Qa3+ 21. Kb1 Ra5 22. c3) 21. Qe3
Raf8 (21... Qf4 22. Qxf4 Rxf4 23. h3 Rd8 24. Kd2 Rxd4+ 25. Ke3 Rxd1 26. Rxd1)
22. h3 (22. Qxe4 Qf4+ 23. Qxf4 R8xf4 24. h3 Rxe2 25. Rhf1 Rff2) 22... R8f4 23.
Kb1 a5 24. Rhe1 e6 (24... a4 25. bxa4) 25. Qg3 Qb4 26. Kb2 (26. a3 Qxa3 27. e3
Rxc2 28. Kxc2 Rf2+ 29. Qxf2 Qa2+ 30. Kc1 Qxf2) 26... a4 27. a3 Qb5 28. b4 Qc4
29. Rd2 h6 (29... R4f3 30. Qe5+ Kg8 (30... Kh6 31. exf3 Rxd2 32. Qf4+) 31. exf3
Rxd2 32. Qxe4) 30. Red1 g5 31. Re1 (31. e3 R2f3 32. Qe1 Rf6 33. h4 Qd5 34. Rh2)
31... Kg6 32. h4 R4f3 (32... Qd5 33. hxg5 Qxg5 34. e3 R4f3 (34... Rxd2 35. exf4
Qd5 36. f5+) 35. Qxf2 Rxf2 36. Rxf2 Qxg4 37. Rff1) (32... gxh4 33. Qxh4 e3 34.
Rd3 (34. Qh5+ Kh7 35. Rh1 Rf6 36. Rd3 Rxe2 37. Rc3 Qxd4 38. g5 Rxc2+ 39. Kxc2
Rf2+ (39... Qd2+ 40. Kb1 Qxc3 41. gxf6 Qb3+ 42. Ka1 Qxa3+ 43. Kb1 Qxb4+ 44. Ka2
) 40. Kb1 Qxc3 41. Qxh6+ Kg8 42. Qxe6+ Kg7 (42... Rf7 43. Qe8+ Rf8 (43... Kg7
44. Qh8+) 44. Qg6+ Qg7 45. Qe6+ Qf7 46. Qxe3 Qg6+ 47. Kc1 Re8 48. Qd4 Qxg5+ 49.
Kd1 Qd5 50. Rh8+ Kf7 51. Rh7+) 43. Qe7+ Rf7 44. Rh7+ Kxh7 45. Qxf7+ Kh8 46.
Qf8+) 34... Rxd4 35. Qh5+ Kh7 36. g5 Rxd3 37. Qxh6+ Kg8 38. Qg6+ Kf8 39. Qxd3
Qxd3 40. exd3 e2 41. Kc3 Rg2 42. Kd2 Rxg5 43. Rxe2 Ke7) 33. h5+ Kh7 34. exf3
Rxd2 35. Qc7+ Kg8 36. Qb8+ Kf7 37. Qc7+ (37. Qxb7+ Kf6 38. Rc1 Qb3+ 39. Ka1
Qxa3+ 40. Kb1 Rxd4) 37... Kg8 38. Qd8+ Kf7 39. Qd7+ Kf6 40. Qd8+ Kf7 41. Qd7+
1/2-1/2

[Event "Panormo zt"]
[Site "Panormo"]
[Date "1998.10.31"]
[Round "8"]
[White "Atalik, Suat"]
[Black "Grivas, Efstratios"]
[Result "1/2-1/2"]
[WhiteElo "2585"]
[BlackElo "2520"]
[Annotator "Atalik,S"]
[PlyCount "32"]
[EventDate "1998.10.24"]
[EventType "swiss"]
[EventRounds "11"]
[EventCountry "GRE"]
[SourceTitle "EXT 2002"]
[Source "ChessBase"]
[SourceDate "2001.11.25"]
[SourceVersion "1"]
[SourceVersionDate "2001.11.25"]
[SourceQuality "1"]

1. d4 f5 2. g3 Nf6 3. Bg2 g6 4. Nh3 c6 5. Nf4 (5. Nc3 $142 d5 6. Bg5 Bg7 7. Qd2
) 5... d6 6. Nc3 e5 $1 7. dxe5 dxe5 8. Qxd8+ Kxd8 9. Nh3 $2 $146 (9. Nd3 e4 10.
Ne5 Ke7 $1 $11) 9... h6 $1 10. Bd2 Be6 11. f3 Nbd7 12. Nf2 Bd6 13. e4 f4 14.
Bh3 Bxh3 15. Nxh3 g5 16. Nf2 Ke7 $15 1/2-1/2

[Event "Continental op"]
[Site "Las Vegas"]
[Date "2001.07.28"]
[Round "3"]
[White "Atalik, Suat"]
[Black "Onischuk, Alexander"]
[Result "1/2-1/2"]
[WhiteElo "2537"]
[BlackElo "2667"]
[Annotator "Atalik,S"]
[PlyCount "97"]
[EventDate "2001.07.26"]
[EventType "swiss"]
[EventRounds "6"]
[EventCountry "USA"]
[SourceTitle "EXT 2002"]
[Source "ChessBase"]
[SourceDate "2001.11.25"]
[SourceVersion "1"]
[SourceVersionDate "2001.11.25"]
[SourceQuality "1"]

1. d4 f5 2. g3 Nf6 3. Bg2 g6 4. Nc3 $5 {An interesting move.} d5 5. Bg5 $6 (5.
Bf4 c6 6. Nf3 Bg7 7. O-O O-O 8. Na4) 5... c6 6. Qd2 Nbd7 7. Nh3 (7. Bh6 Bxh6 8.
Qxh6 e5 $13) 7... Bg7 8. Bh6 Bxh6 9. Qxh6 e5 10. O-O-O Ng4 11. Qd2 O-O 12. f3
Ngf6 13. e3 (13. e4 $6 exd4 14. Qxd4 c5) 13... Qe7 $6 {This natural move has
an unexpected response.} (13... e4 $1 $15) 14. e4 $1 {After this move Sasha
lost his composure and committed some more mistakes.} fxe4 (14... exd4 {Now}
15. Qxd4 c5 $4 16. Nxd5 $18) 15. fxe4 Nxe4 16. Bxe4 $1 (16. Nxe4 dxe4 17. d5
Qc5 $1) 16... dxe4 17. d5 Qc5 (17... Nf6 18. d6 Qd8 19. Ng5 e3 20. Qe2 $1 $36)
18. dxc6 Nf6 $6 (18... Qxc6 19. Qh6 Nf6 20. Ng5 Qc7 21. h3 $36) 19. cxb7 Bxb7
20. Rhe1 Qb6 (20... Rad8 21. Qxd8 Rxd8 22. Rxd8+ Kg7 23. Rd2 $14) 21. Qd6 $1 {
The correct decision,without queens black will be in deep trouble.} Rad8 22.
Qxb6 Rxd1+ 23. Kxd1 axb6 24. Nf2 Rd8+ 25. Ke2 $1 {The right direction for the
king.} Kf7 26. Rd1 Rd4 27. Ke3 Rc4 28. Nb5 $1 $18 {Now white has a winning
edge.} Ke6 29. Nd6 Rc7 30. Nxb7 Rxb7 31. Nxe4 $1 {No need to lose time.} (31.
h3 Ra7 32. a3 Ra4) (31. c4 Ra7 32. a3 Ra4 33. Rc1 h5 $132) 31... Ng4+ 32. Ke2
Nxh2 33. Rh1 Ng4 34. Ng5+ Kd5 $1 {Sasha desperately seeks counterplay.} (34...
Kf5 35. Nxh7 Ke4 36. c3 $1 $18) 35. Rxh7 $6 {Keeping the rooks would even win
easier.} (35. Nxh7 $5 Ke4 (35... Rf7 36. Rh4 $1) 36. c3 $1 $18 (36. Ng5+ Kf5
37. Nf3 e4 38. Nd4+ Ke5 39. c3 Rf7 40. Rh4 Nf6 41. a4 Rf8 42. Rh6 $18)) 35...
Rxh7 36. Nxh7 e4 37. a4 Ne5 38. Nf6+ Kd4 39. b4 $2 $138 {I spoiled everything
in one move during time trouble.} (39. c3+ Kc4 40. Ke3 Nd3 (40... Kb3 41. Kxe4
Nc4 42. Nd7 Kxa4 43. b4 Kb3 44. Kd4 Nd6 45. Nxb6 Nb5+ 46. Kc5 Nxc3 47. Nd5 Ne4+
48. Kc6 Kc4 49. b5 $18) 41. Nd7 (41. b4 $2 Kxc3 42. a5 bxa5 43. bxa5 Nb4 44.
Kxe4 Kc4 $11) 41... Nxb2 42. Nxb6+ Kc5 43. a5 Kb5 44. Kxe4 Kxa5 45. Nd7 Nd1 46.
Kd4 Nf2 47. c4 Nh1 48. g4 Nf2 49. Ne5 g5 50. c5 Ka6 51. Ke3 Nh3 52. Ng6 Kb5 53.
Kf3 Kxc5 54. Kg2 $18) 39... Nc4 40. b5 Ke5 41. Nd7+ Ke6 {Draw offer.} 42. Nb8 (
42. Nxb6 Nxb6 43. a5 Nc4 44. a6 Nb6 45. a7 Kd5 46. Ke3 Ke5 $11) 42... Nb2 43.
Ke3 Nxa4 44. Kxe4 Nc3+ 45. Kf4 Nxb5 46. Kg5 Nd4 47. c4 Nf5 48. g4 Ne3 49. Na6
1/2-1/2

[Event "Bundesliga 0304"]
[Site "Germany"]
[Date "2004.04.25"]
[Round "15.4"]
[White "Schandorff, Lars"]
[Black "Siebrecht, Sebastian"]
[Result "1-0"]
[WhiteElo "2520"]
[BlackElo "2435"]
[Annotator "Atlas,V"]
[PlyCount "77"]
[EventDate "2003.11.01"]
[EventType "team-tourn"]
[EventRounds "15"]
[EventCountry "GER"]
[SourceTitle "CBM 101"]
[Source "ChessBase"]
[SourceDate "2004.07.27"]
[SourceVersion "1"]
[SourceVersionDate "2004.07.27"]
[SourceQuality "1"]
[WhiteTeam "Werder Bremen"]
[BlackTeam "Katernberg"]
[WhiteTeamCountry "GER"]
[BlackTeamCountry "GER"]

1. Nf3 f5 2. d4 Nf6 3. g3 g6 4. Bg2 Bg7 5. O-O O-O 6. b4 d6 7. Bb2 e6 8. c4 h6
9. Nbd2 g5 10. Qc2 Nc6 11. b5 Ne7 12. a4 Qe8 13. c5 d5 14. c6 $1 bxc6 15. Ba3
cxb5 16. Qxc7 b4 17. Bxb4 Nd7 18. Qd6 Kf7 19. Rfc1 a5 20. Ba3 Ra6 $2 ({A big
mistake ruthlessly punished by White. Ein schwerer Fehler, der von Weiß
rücksichtslos bestraft wird.} 20... g4 {was to be preferred: war vorzuziehen:}
21. Nh4 (21. Ne5+ Nxe5 22. dxe5 Ra7) 21... Bf6 {, with some chances to defend.
mit einigen Chancen auf erfolgreiche Verteidigung.}) {[%tqu "En","How can
White take advantage of the disharmony in the placement of Black's pieces?",
"Exploit the power of your battery on the diagonal f8-a3 and the shaky
position of the a6-rook.","Use your c1-rook for the decisive strike!","c1c8",
"This beautiful move yields White a decisive advantage.",4,"De","Wie kann Weiß
die Disharmonie in der Platzierung der schwarzen Figuren ausnutzen?","Schlagen
Sie Kapital aus Ihrer Batterie auf der Diagonalen f8-a3 und der unsicheren
Stellung des Turms a6.","Versetzen Sie mit Ihrem Turm c1 den entscheidenden
Schlag!","c1c8","Dieser Kraftzug bringt Weiß entscheidend in Vorteil.",4]} 21.
Rxc8 $1 {[%csl Ga3,Ra6,Gd6,Re7,Re8][%cal Ga3e7] A nice refutation of Black's
careless rook move. The rest is agony. Eine schöne Widerlegung des schwarzen
Turmzuges. Der Rest ist Agonie.} Qxc8 ({If Falls} 21... Nxc8 {, then , so} 22.
Qxa6 {, winning. und gewinnt.}) (21... Rxd6 {fails to scheitert an} 22. Rxe8)
22. Qxe7+ Kg8 23. Rc1 Rc6 24. Rxc6 Qxc6 25. Bd6 Rf6 26. Ne5 Qc1+ 27. Nf1 Nf8
28. Qd8 f4 29. Be7 Rf5 30. g4 {Causing further material losses. Führt zu
weiteren Materialverlusten.} Rxe5 31. dxe5 Qc4 32. Bxf8 Bxf8 33. Qe8 d4 34.
Qg6+ Bg7 35. Qe8+ Bf8 36. Be4 Qxe2 37. Qxe6+ Kh8 38. Qf5 Bg7 39. Qh7# 1-0

[Event "AUT-ch"]
[Site "Moesern"]
[Date "1997.08.09"]
[Round "8"]
[White "Stanec, Nikolaus"]
[Black "Danner, Georg"]
[Result "1-0"]
[WhiteElo "2465"]
[BlackElo "2415"]
[Annotator "Balinov,I"]
[PlyCount "79"]
[EventDate "1997.08.??"]
[EventType "tourn"]
[EventRounds "15"]
[EventCountry "AUT"]
[EventCategory "6"]
[SourceTitle "CBM 059 Extra"]
[Source "ChessBase"]
[SourceDate "1997.09.26"]
[SourceVersion "1"]
[SourceVersionDate "1997.09.26"]
[SourceQuality "1"]

1. d4 f5 2. g3 g6 3. Bg2 Bg7 4. Nh3 Nc6 5. d5 Ne5 6. Nf4 Nf6 7. Nc3 c6 8. O-O
Nf7 (8... cxd5 9. Nfxd5 Nxd5 10. Qxd5 (10. Nxd5 e6 11. Nf4 d5) 10... e6 11. Qd6
Nf7 12. Qa3 d5) 9. e4 e5 10. dxe6 dxe6 11. Qxd8+ Kxd8 (11... Nxd8 12. exf5 exf5
13. Re1+ Kf7 14. Bf1 b5 15. a4 $16) 12. Nd3 Re8 13. Re1 e5 14. f4 Nxe4 15. Nxe4
fxe4 16. Bxe4 exf4 17. Bxf4 Bh6 18. Bxh6 Nxh6 19. Bg2 Rxe1+ (19... Bf5 20.
Rxe8+ Kxe8 21. Nc5 Rb8 22. Nxb7 Rxb7 23. Bxc6+ Rd7 24. Rd1 $16) 20. Rxe1 Nf5 (
20... Bf5 $5 21. Nc5 Rb8 22. c3 Ng8) 21. Nc5 Ne7 22. Rf1 Ke8 23. Ne4 Bf5 (23...
h6 24. Nd6+ Kd7 25. Nxc8 Nxc8 26. Rf8 Nb6 27. Rf7+ $18) 24. Nf6+ Kf7 25. Nxh7
Kg7 26. Ng5 Nd5 27. g4 Bxc2 28. Rf7+ Kg8 29. Rxb7 a5 30. Ne6 Re8 31. Nd4 Be4
32. Nxc6 Bxg2 33. Kxg2 Re2+ 34. Kf3 Rxh2 35. Nxa5 Rh3+ 36. Ke4 Nf6+ 37. Kf4 Rd3
38. Nc6 Kf8 39. Ne5 Rd4+ 40. Kf3 1-0

[Event "EU-chT (Men) 17th"]
[Site "Novi Sad"]
[Date "2009.10.26"]
[Round "5"]
[White "Khenkin, Igor"]
[Black "Bartel, Mateusz"]
[Result "1/2-1/2"]
[WhiteElo "2613"]
[BlackElo "2609"]
[Annotator "Bartel,M"]
[PlyCount "84"]
[EventDate "2009.10.22"]
[EventType "team-swiss"]
[EventRounds "9"]
[EventCountry "YUG"]
[SourceTitle "CBM 133"]
[Source "ChessBase"]
[SourceDate "2009.11.19"]
[SourceVersion "1"]
[SourceVersionDate "2009.11.19"]
[SourceQuality "1"]
[WhiteTeam "Germany"]
[BlackTeam "Poland"]
[WhiteTeamCountry "GER"]
[BlackTeamCountry "POL"]

1. d4 f5 2. g3 Nf6 3. Bg2 g6 4. Nd2 {Grandmaster Khenkin can be called an
anti-Dutch specialist. He has won many games playing with White versus this
opening. However, he usually chooses side-lines, which shouldn't offer White
too much. The move in the game is one of those side-lines.} ({Another set-up
played by my opponent in the past was} 4. c3 Bg7 5. Qb3 {but I am not sure if
White can claim to have something after} Nc6 6. Nh3 e6 {followed by d5. Black
with a very solid centre should be, in my opinion, ok.}) 4... Bg7 5. c3 Nc6 6.
Nh3 {This move came as a litte surprise. Now the typical e6-d5 set-up is not
so strong, because White still keeps the queen on d1.} O-O {A logical decision
as well, as there is no queen on b3.} ({During the game I also considered} 6...
e5 {but after} 7. d5 ({Nothing is offered by} 7. Bxc6 dxc6 8. dxe5 Ng4 {
and Black should have more than good compensation.}) 7... Ne7 8. d6 $1 {
Black is in serious trouble.}) 7. Nf3 d6 {This move is suspicious, but I
wanted to have a complicated game.} ({Much more solid was} 7... d5 8. Nf4 Ne4)
8. d5 {White shouldn't allow Black to push e5.} Ne5 9. Nd4 $1 {I shouldn't
write this, but - to be honest - I completely missed this move. Usually, in
the Dutch, there is only one knight aiming for the e6-square. Unfortunately,
here both of them are going to paralyse all my pieces from this central point.}
c5 $1 {There is nothing else to do. Surprisingly, my blunder allowed me to
have what I wanted - a complicated, one may call it a "chaotic", game.} 10.
dxc6 Nxc6 ({Of course, not} 10... bxc6 $4 11. f4) 11. Nxc6 bxc6 12. Bxc6 Rb8 {
I was very happy during the game. I had blundered a full pawn, but I had
received a very promising position. Ok, maybe computer analysis will show an
advantage for White, but over the board things are not so easy for White.
Black is going to build up a strong pawn centre and then exert serious
pressure. It's hard to say how White should develop all his pieces.} 13. Nf4 {
A natural move. The knight on h3 is very badly placed. Now it takes the
important d5-square under control.} ({Much weaker was} 13. O-O e5 14. Qa4 Qc7
15. Ng5 (15. Qc4+ Kh8 16. Ng5 d5 $1) 15... d5 {and the knight is still out of
play.}) 13... e5 {I was impressed by the attacking possibilites so I didn't
spend too much time on this move.} ({The plan of cutting the bishop on c6 off
by playing} 13... e6 $6 {was not really working beacuse of the weakening of
the black squares} 14. O-O d5 15. Nd3 Rb6 16. Ba4 {and White is better.}) 14.
Nd5 f4 $6 {This is too much. At least too much for engines. During the game,
without serious calculations, I was sure that White can't take. Black is far
more developed, so why shouldn't this sacrifice be correct?} ({Much more solid
was} 14... Be6 15. O-O Ne4 {but I am not sure if Black is able to create a
serious plan here. White will surely find some plan to organize his pieces.})
15. Nxf6+ $2 {White is rejecting the challenge. For me this was not really
surprising.} ({The real shock came when I was back in my hotel room and
engines explained to me that there is absolutely no attack after the simple
capture} 15. gxf4 Nh5 16. fxe5 Bxe5 17. Qa4 {I believe that Black has some
practical chances to fight here, but objectively the position is probably very
bad.}) 15... Qxf6 16. O-O ({Probably stronger was} 16. gxf4 {but this is not a
'human' move - the white king will have no place to hide.}) 16... Bh3 17. Bg2
Bxg2 18. Kxg2 Qe6 $1 {At this stage of the game I considered my position to be,
if not much better, very, very promising. White has weakened his king which I
can attack with my active pieces. On the contrary, all the white pieces are
passive and have no real future. In such positions I would always choose Black.
} 19. f3 {A preventive move. Sometimes the g3-g4 possibility can be very
useful. Also the f2-square can be a good location for White's bishop.} e4 $5 {
For the second time in that game I allowed White to capture the f4-pawn and
for the second time I believed that the pawn was untouchable... As at the 14th
move things are not so simple.} ({A much more common move was the natural} 
19... d5) 20. Qc2 ({It was possible to play} 20. gxf4 {and after} Rf5 (20... e3
21. Qd3 Rbe8 22. Rd1) 21. e3 $1 d5 (21... Rh5 22. Rf2 d5) 22. Rf2 {White
should be safe. However, there are still several problems to improve White's
position, so I'd say Black still has some initiative.}) 20... fxg3 ({It was
possible to try} 20... e3 $5) 21. hxg3 Rb5 $1 {This is the reason why I played
19...e4. I realised that I have a nice route towards White's king for my rook
on the 5th rank.} 22. Bf4 $1 {The only, but also very strong, move. White must
do everything to close the 5th rank.} g5 23. a4 $1 Ra5 $2 {A serious mistake.}
({It was possible to play} 23... Rc5 24. Bd2 ({In the event of} 24. Be3 exf3+
25. exf3 {Black can play the very strong} (25. Rxf3 Re5) 25... Re5 {with
advantage.}) 24... e3 25. Be1 g4 26. Rh1 {with good chances for White. I would
say that Black is more than ok, but engines quickly explain that the black
king is also weak...} gxf3+ 27. exf3 Rcf5 28. g4 Qg6 29. Rh3 Be5 30. a5 $1 Qg7
31. Ra4 h5 32. Qb3+ R8f7 33. Qe6) ({The strongest move was the not obvious} 
23... Qg6 $1 24. Qxe4 (24. axb5 $4 exf3+) (24. Rf2 $4 gxf4 25. axb5 fxg3 26.
Rff1 exf3+) 24... Qxe4 25. fxe4 Rxb2 26. Bxd6 Rxe2+ 27. Kh3 Rxf1 28. Rxf1 Rxe4
29. Rf5 h6 30. Ra5 {with a drawing endgame. Surprisingly, I saw this idea, but
not at that particular moment...}) 24. Bd2 $2 ({Immediately after the game my
opponent pointed out that} 24. b4 $1 {was much stronger. I thought he wasn't
right, but this time I was wrong... I was sure that after} Qg6 {(this time I
saw that idea...)} (24... exf3+ 25. exf3 Raf5 26. Qe4) 25. Qb3+ Rf7 26. bxa5
gxf4 27. g4 h5 {I am close to winning, but I completely missed an option to
defend the g4-pawn from c8:} 28. Qc4 $1 {and the game would be over...}) 24...
e3 25. Be1 g4 26. fxg4 $2 {My opponent was already short of time and he
seriously blundered.} ({As was shown in my previous comments} 26. Rh1 $1 {
was strong enough. There are probably not enough attacking resources.} gxf3+
27. exf3 Raf5 28. g4 Qg6 29. Rh3) 26... Rxf1 $2 {The mistake made by GM
Khenkin can be easily explained by his time trouble. Unfortunately, I have no
such excuse - I had 40 minutes left on my clock and I was obliged to find a
winning move.} ({I can't explain why, but I even didn't even consider the most
logical move:} 26... Qxg4 {Right now White is completely lost.} 27. Rh1 (27.
Rxf8+ Bxf8 $1 28. Rd1 Rh5 29. Rd4 Qh3+ 30. Kf3 Qf1+) 27... Rh5 28. Rxh5 Qxh5
29. Rd1 Rf1 $3) 27. Kxf1 h5 (27... Qxg4 $2 28. Qb3+) 28. c4 $5 Rg5 29. Qd3 $1 {
A very strong move. White is bringing his queen into play showing that the
black king is pretty well exposed.} Qxg4 {Most probably there is nothing
better.} (29... h4 $5 30. Ra3 (30. gxh4 $4 Qf7+) 30... Qxg4 31. Qxe3 Re5 (31...
Bxb2 32. Qe8+ Kh7 33. Re3) 32. Qf2) 30. Qxe3 h4 31. Bc3 $5 ({Also possible was
} 31. Ra3 Re5 32. Qf2) 31... Bxc3 32. bxc3 Re5 33. Qd3 $1 {The only move. Only
here did I realise that I was not winning...} Qh3+ (33... hxg3 34. Rb1 Qh3+ 35.
Ke1 Qh1+ 36. Kd2 Qh6+ 37. Kc2 g2 38. Rb8+ Kg7 39. Rb7+ Kg8) 34. Ke1 Qh1+ 35.
Kd2 Qxa1 36. Qg6+ Kf8 37. Qxd6+ Re7 38. Qd8+ Kf7 39. Qd5+ Kf6 40. Qd6+ Re6 41.
Qf8+ Kg6 42. Qg8+ Kf6 1/2-1/2